All zombies map of call of duty - Statistiques

Statistiques générales
  • Ce quiz a été pris 537 fois
  • Le résultat moyen est 21 sur 67
Statistiques - réponses
Hint Réponse % Correct
Black ops 1 Kino der toten
89%
Black ops 1 Moon
83%
Black ops 2 Tranzit
78%
Black ops 2 Mob of the dead
73%
Black ops 1 Five
72%
Black ops 2 Origins
72%
Black ops 1 Shangri-la
72%
Waw Verrückt
69%
Black ops 2 Buried
68%
Waw Shi no numa
67%
Vanguard Shi No Numa
67%
Black ops 3 Shadow of evil
66%
Black ops 1 Ascension
63%
Waw Nacht der untoten
62%
Black ops 2 Die rise
58%
Black ops 3 Revelation
58%
Waw Der riese
55%
Black ops 3 The Giant
55%
Black ops 3 Der eisendrache
52%
Black ops 1 Call of the dead
51%
Black ops 3 Gorod krovi
51%
Black ops 2 Farm
45%
Black ops 1 Dead ops arcade
44%
Black ops 4 IX
43%
Black ops 2 Town
41%
Black ops 3 Zetsubou no shima
38%
Black ops 4 Blood of the Dead
36%
Black ops 2 Nuketown zombie
33%
Black ops 3 Dead ops arcade 2
25%
Cold war Die maschine
25%
Black ops 4 Alpha Omega
24%
Black ops 4 Tag der Toten
23%
Black ops 4 Voyage of Despair
22%
Black ops 4 Classified
20%
Black ops 4 Dead of the Night
20%
Cold war Firebase Z
20%
Black ops 4 Ancient Evil
17%
Cold war Mauer der toten
17%
Cold war Forsaken
16%
Cold war Dead ops arcade 3
15%
Black ops 2 Bus depot
14%
Advanced Warfare Infection
13%
Advanced Warfare Carrier
11%
WWII The Final Reich
11%
Infinite warfare Shaolin Shuffle
10%
Infinite warfare Attack of the Radioactive Thing
9%
Advanced Warfare Outbreak
9%
Black ops Nintendo DS House
7%
Infinite warfare Rave in the Redwoods
7%
Infinite warfare The Beast From Beyond
7%
WWII The Tortured Path
7%
Vanguard Der Anfang
6%
Advanced Warfare Descent
6%
WWII The Darkest Shore
5%
WWII The Shadowed Throne
5%
WWII Gröesten Haus
4%
Black ops Nintendo DS Temple
4%
Vanguard Terra Maledicta
4%
Vanguard The Archon
4%
WWII The Frozen Dawn
4%
WWII Altar of Blood
3%
WWII U.S.S Mount Olympus
2%
Infinite warfare Zombies in Spacland
2%
WWII Bodega Cervantes
1%
Black ops Nintendo DS Facility
1%
MW3 Operation Deadbolt
1%
Black ops Nintendo DS Overlook
1%
Aucun quiz correspondant
Distribution des résultats
% des personnes avec chaque résultat
Percentile par nombre de réponses
Votre historique - résultats
Vous n’avez pas pris ce quiz